000 00513nam a2200157Ia 4500
008 220214s9999 xx 000 0 und d
022 _a0301-1208
245 0 _aINDIAN JOURNAL OF BIOCHEMISTRY AND BIOPHYSICS
247 _aIndian Journal of Biochemistry
260 _bCouncil of scientific and industrial research, New Delhi
_aIndia
310 _aBM
500 _aEnding Volume & Year: 37, 2000
500 _aMissing Volume: 19;24(5);27(3);32(2);37(5)
500 _aStarting Volume & Year: 8, 1971
942 _cBJ
999 _c1083
_d1083